Use of the acoustic method of free oscillations for diagnostics of reinforced concrete foundations of contact networks; Defektoskopiya; № 7
| Parent link: | Defektoskopiya № 7.— 1998.— P. 40-49 |
|---|---|
| Autor principal: | |
| Altres autors: | , |
| Sumari: | The paper discusses advantages and disadvantages of the main diagnostic methods that are used at present to inspect reinforced concrete supports of the contact network at railroads of Russia. The investigation results are presented to show the efficiency of the acoustic method of free oscillations that can be used for this purpose. The authors describe the main reasons and types of damages of reinforced concrete supports of the contact network. the main reason is corrosion of metal components. В фонде НТБ ТПУ отсутствует |
| Idioma: | anglès |
| Publicat: |
1998
|
| Matèries: | |
| Format: | Capítol de llibre |
| KOHA link: | https://koha.lib.tpu.ru/cgi-bin/koha/opac-detail.pl?biblionumber=600608 |
MARC
| LEADER | 00000naa0a2200000 4500 | ||
|---|---|---|---|
| 001 | 600608 | ||
| 005 | 20250205125113.0 | ||
| 035 | |a (RuTPU)RU\TPU\tpu\25120 | ||
| 035 | |a RU\TPU\tpu\22542 | ||
| 090 | |a 600608 | ||
| 100 | |a 20140515d1998 k||y0rusy50 ba | ||
| 101 | 0 | |a eng | |
| 102 | |a RU | ||
| 200 | 1 | |a Use of the acoustic method of free oscillations for diagnostics of reinforced concrete foundations of contact networks |f V. A. Kulikov, D. V. Sannikov, V. P. Vavilov | |
| 330 | |a The paper discusses advantages and disadvantages of the main diagnostic methods that are used at present to inspect reinforced concrete supports of the contact network at railroads of Russia. The investigation results are presented to show the efficiency of the acoustic method of free oscillations that can be used for this purpose. The authors describe the main reasons and types of damages of reinforced concrete supports of the contact network. the main reason is corrosion of metal components. | ||
| 333 | |a В фонде НТБ ТПУ отсутствует | ||
| 461 | |t Defektoskopiya | ||
| 463 | |t № 7 |v P. 40-49 |d 1998 | ||
| 610 | 1 | |a труды учёных ТПУ | |
| 700 | 1 | |a Kulikov |b V. A. | |
| 701 | 1 | |a Sannikov |b D. V. | |
| 701 | 1 | |a Vavilov |b V. P. |c Specialist in the field of dosimetry and methodology of nondestructive testing (NDT) |c Doctor of technical sciences (DSc), Professor of Tomsk Polytechnic University (TPU) |f 1949- |g Vladimir Platonovich |3 (RuTPU)RU\TPU\pers\32161 |9 16163 | |
| 801 | 1 | |a RU |b 63413507 |c 20120725 | |
| 801 | 2 | |a RU |b 63413507 |c 20140515 |g RCR | |
| 942 | |c CR | ||